Gottwaldova mumie /
Příběh jedné obyčejné uklízečky s neobyčejným zaměstnáním. Iška pracuje v Mauzoleu Klementa Gottwalda a zatímco musí každý den pečlivě dezinfikovat okolí střežené mumie, kolem ní se odvíjejí dějiny Československa 50. let minulého století.
Uloženo v:
| Hlavní autor: | |
|---|---|
| Médium: | E-kniha |
| Jazyk: | Czech |
| Vydáno: |
V Praze :
Motto,
2025
|
| Vydání: | 1. vydání |
| Témata: | |
| Tagy: |
Žádné tagy |
| LEADER | 02313nam a2200385 i 4500 | ||
|---|---|---|---|
| 001 | 312815 | ||
| 003 | CZ PrSKC | ||
| 005 | 20260601215729.0 | ||
| 007 | ta | ||
| 008 | 250916s2025 xr g 000 f cze | ||
| 015 | |a cnb003707261 | ||
| 020 | |a 9788026729419 |q (vázáno) : |c Kč 399,00 | ||
| 035 | |a (OCoLC)1549631294 | ||
| 040 | |a ABG001 |b cze |e rda | ||
| 072 | 7 | |a 821.162.3-3 |x Česká próza |2 Konspekt | |
| 080 | |a 821.162.3-31 |2 MRF | ||
| 080 | |a (0:82-31) |2 MRF | ||
| 100 | 1 | |a Hlavinková, Lucie, |d 1974- |7 xx0212699 |4 aut | |
| 245 | 1 | 0 | |a Gottwaldova mumie / |c Lucie Hlavinková |
| 250 | |a 1. vydání | ||
| 264 | 1 | |a V Praze : |b Motto, |c 2025 | |
| 300 | |a 227 stran ; |c 21 cm | ||
| 336 | |a text |b txt |2 rdacontent | ||
| 337 | |a bez média |b n |2 rdamedia | ||
| 338 | |a svazek |b nc |2 rdacarrier | ||
| 504 | |a Obsahuje bibliografii | ||
| 520 | 2 | |a Příběh jedné obyčejné uklízečky s neobyčejným zaměstnáním. Iška pracuje v Mauzoleu Klementa Gottwalda a zatímco musí každý den pečlivě dezinfikovat okolí střežené mumie, kolem ní se odvíjejí dějiny Československa 50. let minulého století. |b Kolik lidí je potřeba, aby udrželi jednu mrtvolu jako živou? Naneštěstí pro Išku to není začátek anekdoty, ale její nové pracovní rutiny. Mladá vdova a matka malého chlapce nastupuje jako uklízečka do nejstřeženější budovy tehdejšího Československa -- Mauzolea Klementa Gottwalda na pražském Vítkově. Mrtvý je tu uložen k věčnému odpočinku, zato živí kolem něj jsou pod neustálým dohledem. Iška každý den dezinfekcí bojuje proti zárodkům jakéhokoliv života. A ten její přitom postupně mizí pod nánosem špíny. Nakladatelská anotace. | |
| 655 | 7 | |a české romány |7 fd133974 |2 czenas | |
| 655 | 9 | |a Czech fiction |2 eczenas | |
| 900 | |a ABA001 |b 19 | ||
| 928 | 9 | |a Albatros Media - Motto | |
| 044 | |a xr | ||
| 910 | |a RBIT002 | ||
| 998 | |d 422404 |a https://core.palmknihy.cz/api/books/422404/cover?t2ibss |b https://core.palmknihy.cz/api/books/422404/cover/400?t2ibss |c https://core.palmknihy.cz/api/books/422404/cover/50?t2ibss |e 2035-12-31 |g 232 |i 9788026729419 |j https://core.palmknihy.cz/api/books/422404/preview.epub |k https://core.palmknihy.cz/api/books/422404/preview.pdf |l |q 49 |r 1 |s https://www.palmknihy.cz/kniha/422404 |t ebook |y 2025 |z 0 | ||
| 999 | |d 312813 | ||